Die größten Fußballstadien der Welt - Statistiken

Allgemein
  • Dieses Quiz wurde 46 mal gespielt
  • Das Durchschnittsergebnis liegt bei 4 aus 11
Antwortstatistiken
Land Stadionname % Korrekt
Spanien Camp Nou
95%
Deutschland Signal Iduna Park
70%
Brasilien Maracana
61%
Italien Stadio Giuseppe Meazza / San Siro
55%
Mexiko Aztekenstadion
39%
Spanien Estadio Santiago Bernabeu
23%
Nordkorea Stadion Erster Mai (Rungrado May Day Stadium)
14%
Südafrika FNB Stadium
5%
Peru Estadio Monumental de Lima
0%
Malaysia Shah Alam Stadium
0%
Kongo Stade de Martyrs
0%
Keine übereinstimmenden Quizze gefunden
Verteilung der Resultate
Anzahl Personen mit jedem Resultat
Perzentil nach korrekt beantworteten Fragen
Ihre Resultats-Entwicklung
Sie haben dieses Quiz noch nicht gespielt